Odas / (Record no. 80831)

MARC details
000 -LEADER
campo de control de longitud fija 00742nam a2200217 i 4500
001 - NÚMERO DE CONTROL
campo de control 80831
003 - IDENTIFICADOR DE NÚMERO DE CONTROL
campo de control ES-MaACL
005 - FECHA Y HORA DE LA ÚLTIMA TRANSACCIÓN
campo de control 20251112122611.0
007 - CAMPO FIJO DE DESCRIPCIÓN FÍSICA--INFORMACIÓN GENERAL
campo de control de longitud fija t|
008 - DATOS DE LONGITUD FIJA--INFORMACIÓN GENERAL
campo de control de longitud fija 041029s1962 sp f |||| | spa d
100 1# - ENTRADA PRINCIPAL--NOMBRE DE PERSONA
Nombre de persona Horacio Flaco, Quinto.
9 (RLIN) 64182
245 10 - MENCIÓN DEL TÍTULO
Título Odas /
Mención de responsabilidad, etc. texto, Horacio ; recopilación, Marcelino Menéndez Pelayo ; ilustración, Chico Prats.
260 ## - PUBLICACIÓN, DISTRIBUCIÓN, ETC.
Lugar de publicación, distribución, etc. [Barcelona :
Nombre del editor, distribuidor, etc. Maucci,
Fecha de publicación, distribución, etc. 1962]
300 ## - DESCRIPCIÓN FÍSICA
Extensión 444 p., 7 lám. ;
Dimensiones 17 cm.
490 1# - MENCIÓN DE SERIE
Mención de serie Clásicos Maucci. Grupo literatura antigua
700 1# - ENTRADA AGREGADA--NOMBRE PERSONAL
Nombre de persona Chico Prats,
Fechas asociadas al nombre 1916-2006
9 (RLIN) 166720
700 1# - ENTRADA AGREGADA--NOMBRE PERSONAL
Nombre de persona Menéndez y Pelayo, Marcelino,
Fechas asociadas al nombre 1856-1912
9 (RLIN) 80332
830 0# - PUNTO DE ACCESO ADICIONAL DE SERIE-TÍTULO UNIFORME
Título uniforme Clásicos Maucci. Grupo literatura antigua
9 (RLIN) 182099
852 ## - LOCALIZACIÓN
Ubicación ES-MaACL
Número de control de estantería C-22104
Holdings
Estatus retirado Estado de pérdida Estado de daño No para préstamo Biblioteca de origen Biblioteca actual Ubicación en estantería Fecha de adquisición Fuente de adquisición Total de préstamos Signatura topográfica completa Código de barras Visto por última vez Precio de reemplazo Tipo de ítem Koha
        Biblioteca del Ateneo de Madrid Biblioteca del Ateneo de Madrid Galería 17/01/2008     C-22104 1084506 23/02/2023 23/02/2023 Libro impreso